000 00402cam a2200157ua 4500
041 _aeng
_h
082 _a823.301
_bKIN/HE
100 _aKingsley, Charles .
245 _aHereward the wake the last of the English /
_cCharles Kingsley.
_hTextual Documents
250 _a1 /
_b.
260 _aLondon :
_bE J Arnold & Son Ltd.
300 _a93 ; .
504 _a
942 _cBK
999 _c2475
_d2475